Iranian cities - Sudden Death - Statistics

General Stats
  • This quiz has been taken 150 times
  • The average score is 8 of 10
Answers on the Grid
Answers color-coded by a green-red scale on the quiz's grid according to % correct below.
Teheran
Mashhad
Shiraz
Tabriz
Sanandaj
Rasht
Borūjerd
Bandar Abbas
Sirjan
Khorramabad
Basra
Izmir
Batumi
Aleppo
Baku
Chennai
Nagpur
Almaty
Kazan
Dar es Salaam
 
Answer Stats
Answer % Correct
Teheran
93%
Mashhad
88%
Tabriz
87%
Shiraz
86%
Rasht
78%
Bandar Abbas
73%
Sirjan
73%
Sanandaj
71%
Khorramabad
68%
Borūjerd
64%
No matching quizzes found
Score Distribution
Percent of People with Each Score
Percentile by Number Answered
Your Score History
You have not taken this quiz